000 00697nam a2200265Ia 4500
003 OSt
005 20220912151410.0
006 a|||||r|||| 00| 0
007 ta
008 220909b |||||||| |||| 00| 0 eng d
024 _a50550
037 _cTextual
040 _aCSL
_beng
_cCSL
041 _aeng
082 _aI23:f3, J5
100 _aAlexopoulos Cost J
245 0 _aLaboratory manual for introductory mycology
260 _aMinneapolis
_bBurgess publishing
_c1955
300 _aiv,177p.
_ccm.
650 _a Fungi
650 _aBotany
700 _a Beneke E S
942 _hI23:f3, J5
_cTEXL
_2CC
999 _c67578
_d67578